[Event "Reykjavik op"]
[Site "Reykjavik"]
[Date "2024.03.16"]
[Round "3"]
[White "Ferzli, Dany Michael"]
[Black "Gramb, Marius"]
[Result "1-0"]
[WhiteElo "1879"]
[BlackElo "2142"]
[PlyCount "89"]
[EventDate "2024.03.15"]
[EventType "swiss"]
[EventRounds "9"]
[EventCountry "ISL"]
[SourceTitle "CB13_2024"]
[SourceDate "2024.03.27"]
[SourceVersion "1"]
[SourceVersionDate "2024.03.27"]
[SourceQuality "1"]

1. d4 Nf6 2. c4 e6 3. g3 d5 4. Bg2 Bb4+ 5. Nd2 0-0 6. Ngf3 b6 7. 0-0 Bb7 8. a3 Be7 9. cxd5 exd5 10. b4 a5 11. b5 c6 12. Qa4 cxb5 13. Qxb5 Ba6 14. Qb2 Nfd7 15. Re1 Nc6 16. e4 dxe4 17. Nxe4 Bc4 18. Bf4 Rc8 19. Nd6 Bxd6 20. Bxd6 Re8 21. Rxe8+ Qxe8 22. Re1 Qd8 23. Nd2 Ba6 24. Bh3 Ncb8 25. Qb3 Rc6 26. Bxd7 Nxd7 27. Re7 Qf8 28. Rxd7 Rxd6 29. Ra7 Bc8 30. d5 Qe8 31. Nf3 h6 32. Ra8 b5 33. Qc3 Rd8 34. Qc7 Kh7 35. d6 Bh3 36. Qxd8 Qe2 37. Ng5+ hxg5 38. Qh8+ Kg6 39. Qxh3 Qd1+ 40. Qf1 Qxd6 41. Qb1+ f5 42. Qxb5 Qxa3 43. Ra6+ Kh5 44. Qe2+ g4 45. Qe8+ 1-0

[Event "Reykjavik op"]
[Site "Reykjavik"]
[Date "2024.03.15"]
[Round "1"]
[White "Gramb, Marius"]
[Black "Deac, Bogdan Daniel"]
[Result "0-1"]
[WhiteElo "2142"]
[BlackElo "2690"]
[PlyCount "80"]
[EventDate "2024.03.15"]
[EventType "swiss"]
[EventRounds "9"]
[EventCountry "ISL"]
[SourceTitle "CB13_2024"]
[SourceDate "2024.03.27"]
[SourceVersion "1"]
[SourceVersionDate "2024.03.27"]
[SourceQuality "1"]

1. e4 c5 2. c3 d5 3. exd5 Qxd5 4. d4 Nf6 5. Nf3 e6 6. Na3 Qd8 7. Nc4 Be7 8. Nce5 0-0 9. Be2 cxd4 10. Qxd4 Qxd4 11. Nxd4 Nd5 12. 0-0 f6 13. Nef3 Rd8 14. c4 Nc7 15. Be3 e5 16. Nc2 Bf5 17. Rac1 Nba6 18. a3 Nc5 19. Bxc5 Bxc5 20. b4 Be7 21. Rfd1 Rxd1+ 22. Bxd1 a5 23. Ne3 Be6 24. Rb1 axb4 25. axb4 b6 26. Bc2 g6 27. g4 Kg7 28. g5 f5 29. Nxe5 Bxg5 30. c5 bxc5 31. bxc5 Ra5 32. Nd3 Nb5 33. f4 Bf6 34. Ne5 Bxe5 35. fxe5 Nd4 36. Rb7+ Kh6 37. c6 Rxe5 38. Kf2 f4 39. Ng2 Re2+ 40. Kg1 Rxc2 0-1

[Event "Plzen A1 12th"]
[Site "Plzen"]
[Date "2024.02.19"]
[Round "3"]
[White "Kulon, Klaudia"]
[Black "Gramb, Marius"]
[Result "1-0"]
[WhiteElo "2327"]
[BlackElo "2175"]
[PlyCount "109"]
[EventDate "2024.02.17"]
[EventType "tourn"]
[EventRounds "9"]
[EventCountry "CZE"]
[EventCategory "1"]
[SourceTitle "CB09_2024"]
[SourceDate "2024.02.28"]
[SourceVersion "1"]
[SourceVersionDate "2024.02.28"]
[SourceQuality "1"]

1. d4 Nf6 2. Nf3 d5 3. Bf4 e6 4. e3 c5 5. c3 Nc6 6. Nbd2 cxd4 7. exd4 Nh5 8. Be3 Bd6 9. Ne5 g6 10. f4 f6 11. Nd3 Qc7 12. Qf3 Ng7 13. g4 Qf7 14. 0-0-0 Bd7 15. Kb1 0-0-0 16. c4 Kb8 17. h3 Ne7 18. c5 Bc7 19. b4 h5 20. Be2 Qe8 21. Nb3 Bb5 22. Nb2 Rf8 23. Bxb5 Qxb5 24. a4 Qe8 25. b5 e5 26. Rhe1 Ne6 27. Qe2 e4 28. Qf1 hxg4 29. hxg4 f5 30. g5 Rh8 31. Re2 Rh4 32. Rf2 Qd7 33. Rc1 Ka8 34. a5 Bb8 35. Na4 Bc7 36. c6 bxc6 37. Nbc5 Nxc5 38. Nxc5 Qc8 39. b6 axb6 40. axb6 Bxb6 41. Ra2+ Kb8 42. Qe1 Rh3 43. Qb4 Kc7 44. Na6+ Kd7 45. Qxb6 Rxe3 46. Nc5+ Ke8 47. Rh1 Ng8 48. Ra7 Rg3 49. Rc7 Qa8 50. Rxc6 Rb8 51. Rc8+ Rxc8 52. Qe6+ Kf8 53. Nd7+ Kg7 54. Qe5+ Kf7 55. Rh7# 1-0

[Event "Brno IM 12th"]
[Site "Brno"]
[Date "2023.11.15"]
[Round "6"]
[White "Gramb, Marius"]
[Black "Vyskocil, Neklan"]
[Result "1/2-1/2"]
[WhiteElo "2226"]
[BlackElo "2299"]
[PlyCount "38"]
[EventDate "2023.11.11"]
[EventType "tourn"]
[EventRounds "9"]
[EventCountry "CZE"]
[SourceTitle "CB47_2023"]
[SourceDate "2023.11.22"]
[SourceVersion "1"]
[SourceVersionDate "2023.11.22"]
[SourceQuality "1"]

1. e4 c5 2. Nf3 g6 3. c3 d5 4. exd5 Qxd5 5. d4 Bg7 6. Be2 cxd4 7. cxd4 Nf6 8. Nc3 Qd8 9. 0-0 0-0 10. Qb3 Nc6 11. Rd1 Qb6 12. Qxb6 axb6 13. Bf4 Nb4 14. Be5 Nfd5 15. Nxd5 Nxd5 16. Bxg7 Kxg7 17. Ne5 Be6 18. a3 Rfd8 19. g3 f6 1/2-1/2

[Event "Brno IM 12th"]
[Site "Brno"]
[Date "2023.11.14"]
[Round "5"]
[White "Bures, Jaroslav"]
[Black "Gramb, Marius"]
[Result "1/2-1/2"]
[WhiteElo "2421"]
[BlackElo "2226"]
[PlyCount "38"]
[EventDate "2023.11.11"]
[EventType "tourn"]
[EventRounds "9"]
[EventCountry "CZE"]
[SourceTitle "CB47_2023"]
[SourceDate "2023.11.22"]
[SourceVersion "1"]
[SourceVersionDate "2023.11.22"]
[SourceQuality "1"]

1. e4 e5 2. Bc4 Nc6 3. Nf3 Bc5 4. c3 Nf6 5. d4 exd4 6. e5 d5 7. Bb5 Ne4 8. cxd4 Bb6 9. Be3 0-0 10. 0-0 Bg4 11. Qc1 Bd7 12. Bxc6 Bxc6 13. a4 a5 14. Nc3 Qe8 15. Qc2 Rd8 16. h3 Kh8 17. Rfe1 f6 18. exf6 gxf6 19. Ne2 Bd7 1/2-1/2

[Event "World-chT Rapid"]
[Site "Dusseldorf"]
[Date "2023.08.28"]
[Round "10"]
[White "Gloeckler, Christian"]
[Black "Gramb, Marius"]
[Result "1-0"]
[WhiteElo "2318"]
[BlackElo "2147"]
[PlyCount "71"]
[EventDate "2023.08.26"]
[EventType "team-swiss (rapid)"]
[EventRounds "12"]
[EventCountry "GER"]
[SourceTitle "CBM 215 Extra"]
[Source "ChessBase"]
[SourceDate "2023.09.30"]
[SourceVersion "1"]
[SourceVersionDate "2023.09.30"]
[SourceQuality "1"]
[WhiteTeam "Deutsche Schachjugend"]
[BlackTeam "Blerickse Schaakvereniging"]
[WhiteTeamCountry "GER"]
[BlackTeamCountry "NED"]

1. e4 c5 2. Nf3 d6 3. d4 cxd4 4. Nxd4 Nf6 5. Nc3 a6 6. f3 e5 7. Nb3 Be6 8. Be3 d5 9. exd5 Bxd5 10. Bg5 Bxb3 11. Qxd8+ Kxd8 12. axb3 Nbd7 13. Bc4 Ke8 14. 0-0 Bb4 15. Nd5 Nxd5 16. Bxd5 Rb8 17. Rad1 f6 18. Bh4 Ke7 19. c3 Bc5+ 20. Kh1 g5 21. Bg3 h5 22. h4 gxh4 23. Bxh4 Nf8 24. Be4 Ne6 25. Rd5 Kf7 26. f4 exf4 27. Bf5 b6 28. Rd7+ Be7 29. Re1 Rhd8 30. Bxe6+ Kf8 31. Ra7 a5 32. Bc4 Re8 33. Bb5 Ra8 34. Rexe7 Rxe7 35. Rxa8+ Kg7 36. Re8 1-0

[Event "World-chT Rapid"]
[Site "Dusseldorf"]
[Date "2023.08.28"]
[Round "11"]
[White "Strahl, Christian"]
[Black "Gramb, Marius"]
[Result "0-1"]
[WhiteElo "1857"]
[BlackElo "2147"]
[PlyCount "116"]
[EventDate "2023.08.26"]
[EventType "team-swiss (rapid)"]
[EventRounds "12"]
[EventCountry "GER"]
[SourceTitle "CBM 215 Extra"]
[Source "ChessBase"]
[SourceDate "2023.09.30"]
[SourceVersion "1"]
[SourceVersionDate "2023.09.30"]
[SourceQuality "1"]
[WhiteTeam "Bayreuth Unischach"]
[BlackTeam "Blerickse Schaakvereniging"]
[WhiteTeamCountry "GER"]
[BlackTeamCountry "NED"]

1. e4 c5 2. Nf3 d6 3. Bb5+ Nd7 4. c4 Ngf6 5. Nc3 g6 6. 0-0 Bg7 7. d4 cxd4 8. Nxd4 0-0 9. Bxd7 Bxd7 10. Qd3 Rc8 11. f3 a6 12. Be3 Qc7 13. b3 b5 14. Nd5 Nxd5 15. cxd5 Qc3 16. Rad1 b4 17. Rf2 h5 18. g3 Rc7 19. Ne2 Qxd3 20. Rxd3 Bb5 21. Rd1 Rfc8 22. Nd4 Bd7 23. Kg2 Rc3 24. Re2 Kf8 25. Kf2 Bf6 26. h4 Be5 27. Rdd2 Kg7 28. Rd1 Kf8 29. Rdd2 Ke8 30. Rd1 Kd8 31. Rdd2 Ke8 32. Rd1 R8c7 33. Rdd2 Rc1 34. f4 Bh3 35. Re1 Rxe1 36. Kxe1 Rc3 37. Bf2 Bg7 38. Rd1 Bg4 39. Rb1 Bxd4 40. Bxd4 Rxg3 41. Rc1 Rf3 42. Rc6 Rxf4 43. Be3 Rxe4 44. Kf2 f5 45. Rxa6 f4 46. Bb6 Re2+ 47. Kf1 Rd2 48. Ra4 Bh3+ 49. Ke1 Rxd5 50. Rxb4 f3 51. a4 Re5+ 52. Kf2 Bg2 53. a5 Re2+ 54. Kg3 Ra2 55. Re4 Ra1 56. b4 f2 57. Bxf2 Bxe4 58. Kf4 Bd3 0-1

[Event "GER-ch 94th"]
[Site "Ostfildern"]
[Date "2023.08.14"]
[Round "1"]
[White "Hacker, Jonas"]
[Black "Gramb, Marius"]
[Result "1/2-1/2"]
[WhiteElo "2406"]
[BlackElo "2219"]
[PlyCount "86"]
[EventDate "2023.08.14"]
[EventType "swiss"]
[EventRounds "9"]
[EventCountry "GER"]
[SourceTitle "CBM 215 Extra"]
[Source "ChessBase"]
[SourceDate "2023.09.30"]
[SourceVersion "1"]
[SourceVersionDate "2023.09.30"]
[SourceQuality "1"]

1. e4 e5 2. Nc3 Nc6 3. f4 d6 4. Nf3 exf4 5. Bb5 a6 6. Ba4 g5 7. 0-0 Bg7 8. d4 b5 9. Bb3 h6 10. Bd5 Nge7 11. Bxc6+ Nxc6 12. d5 Ne5 13. Nd4 0-0 14. Nce2 c5 15. dxc6 Qb6 16. Kh1 Nxc6 17. Nf5 Bxf5 18. exf5 Qc5 19. f6 Bxf6 20. Ng3 Qd4 21. Nf5 Qxd1 22. Rxd1 Rad8 23. g3 fxg3 24. Nxh6+ Kh7 25. Ng4 Kg6 26. Nxf6 Kxf6 27. hxg3 Rfe8 28. Bd2 Re2 29. Bc3+ Kg6 30. Rd2 Rxd2 31. Bxd2 Re8 32. Rd1 f5 33. Kg2 Re6 34. Bc3 Ne5 35. Re1 Kf7 36. Rf1 Kg6 37. Re1 Kf7 38. Rf1 Rf6 39. Rh1 Rg6 40. Rh7+ Rg7 41. Rh6 Rg6 42. Rh7+ Rg7 43. Rh6 Rg6 1/2-1/2

[Event "Pardubice Czech op-A 34th"]
[Site "Pardubice"]
[Date "2023.07.23"]
[Round "3"]
[White "Gretarsson, Helgi Ass"]
[Black "Gramb, Marius"]
[Result "1-0"]
[WhiteElo "2475"]
[BlackElo "2235"]
[PlyCount "83"]
[EventDate "2023.07.21"]
[EventType "swiss"]
[EventRounds "9"]
[EventCountry "CZE"]
[SourceTitle "CBM 215 Extra"]
[Source "ChessBase"]
[SourceDate "2023.09.30"]
[SourceVersion "1"]
[SourceVersionDate "2023.09.30"]
[SourceQuality "1"]

1. Nf3 d5 2. g3 Nd7 3. d4 Nb6 4. Bg2 Bf5 5. Nbd2 e6 6. Nh4 Nf6 7. Nxf5 exf5 8. c4 c6 9. Qc2 g6 10. 0-0 Be7 11. b3 h5 12. Rd1 h4 13. Nf1 hxg3 14. hxg3 Nh5 15. Be3 Qb8 16. a4 a5 17. Qc1 0-0 18. Bf3 Nf6 19. Bf4 Qd8 20. Be5 Ne4 21. Qh6 Bf6 22. Ne3 Re8 23. Bxe4 fxe4 24. Ng4 Rxe5 25. dxe5 Bg5 26. Qh3 Kg7 27. Kg2 Qh8 28. Qxh8+ Rxh8 29. cxd5 Nxd5 30. e3 f6 31. exf6+ Bxf6 32. Nxf6 Kxf6 33. Rh1 Rf8 34. Rh7 b6 35. Rc1 Rc8 36. Rch1 Ke6 37. Rh8 Rc7 38. R1h7 Ne7 39. Rb8 b5 40. axb5 cxb5 41. Rb6+ Kd5 42. Rxb5+ 1-0

[Event "Rheinland Pfalz op 13th"]
[Site "Engers"]
[Date "2023.06.10"]
[Round "5"]
[White "Kotyk, Michael"]
[Black "Gramb, Marius"]
[Result "1-0"]
[WhiteElo "2089"]
[BlackElo "2231"]
[PlyCount "135"]
[EventDate "2023.06.08"]
[EventType "swiss"]
[EventRounds "7"]
[EventCountry "GER"]
[SourceTitle "CBM 214 Extra"]
[Source "ChessBase"]
[SourceDate "2023.07.31"]
[SourceVersion "1"]
[SourceVersionDate "2023.07.31"]
[SourceQuality "1"]

1. d4 Nf6 2. c4 e6 3. Nc3 Bb4 4. e3 0-0 5. Nge2 c6 6. a3 Ba5 7. b4 Bc7 8. e4 d5 9. e5 Nfd7 10. cxd5 exd5 11. f4 Re8 12. g3 Nf8 13. Bg2 Be6 14. h3 Nbd7 15. 0-0 f5 16. g4 Qh4 17. gxf5 Bxf5 18. Kh2 Ne6 19. Ng3 g6 20. Nxf5 gxf5 21. Be3 Nb6 22. Qf3 Nc4 23. Ne2 Kh8 24. Bf2 Qh6 25. Qd3 Rf8 26. Bg3 Rf7 27. b5 Rg8 28. bxc6 bxc6 29. Rac1 Rfg7 30. Rf3 Bb6 31. Rxc4 dxc4 32. Qxc4 Nc7 33. Rc3 Nb5 34. Rd3 Rg6 35. d5 Nxa3 36. Rxa3 cxd5 37. Bxd5 Rd8 38. Rd3 Qf8 39. Bh4 Rc8 40. Qb3 Rb8 41. Qc3 Bd8 42. Bxd8 Rxd8 43. e6+ Qg7 44. Qxg7+ Kxg7 45. Re3 Kf6 46. Re5 Rxd5 47. Rxd5 Kxe6 48. Ra5 Rg8 49. Nd4+ Kd6 50. Nxf5+ Ke6 51. Nd4+ Kd6 52. Rxa7 Kd5 53. Ne2 Ke4 54. Ra3 h5 55. Rg3 Rb8 56. Kg2 h4 57. Rf3 Rb2 58. Kf2 Kf5 59. Re3 Rb1 60. Re5+ Kg6 61. Rg5+ Kh6 62. Rg8 Rh1 63. Rh8+ Kg7 64. Rxh4 Rh2+ 65. Kf3 Kg6 66. Rg4+ Kf6 67. Ng1 Ra2 68. Kg3 1-0

[Event "Munich Pfingst op-A 1st"]
[Site "Munich"]
[Date "2023.06.04"]
[Round "6"]
[White "Gramb, Marius"]
[Black "Hacker, Jonas"]
[Result "1/2-1/2"]
[WhiteElo "2225"]
[BlackElo "2435"]
[PlyCount "76"]
[EventDate "2023.05.31"]
[EventType "swiss"]
[EventRounds "9"]
[EventCountry "GER"]
[SourceTitle "CBM 214 Extra"]
[Source "ChessBase"]
[SourceDate "2023.07.31"]
[SourceVersion "1"]
[SourceVersionDate "2023.07.31"]
[SourceQuality "1"]

1. e4 c5 2. Nf3 e6 3. c3 d5 4. exd5 Qxd5 5. d4 Nf6 6. Na3 a6 7. Nc2 Nbd7 8. Be3 cxd4 9. Qxd4 Bc5 10. Qxd5 Nxd5 11. Bd4 Bxd4 12. Ncxd4 b5 13. c4 bxc4 14. Bxc4 Bb7 15. 0-0 N7b6 16. Rfc1 0-0 17. Bf1 Rfc8 18. Nb3 Nf4 19. Nfd4 Na4 20. Na5 Bd5 21. Nac6 Kf8 22. b3 Nb6 23. g3 Ng6 24. Bg2 Ne7 25. Bxd5 Nexd5 26. Rc2 Rc7 27. Rac1 Rac8 28. Kf1 h5 29. h4 g6 30. Ke1 e5 31. Nxe5 Rxc2 32. Rxc2 Re8 33. Re2 Nc3 34. Re3 Ncd5 35. Re2 Nc3 36. Re3 Nxa2 37. Kd2 Nb4 38. Nec6 Rxe3 1/2-1/2

[Event "Munich Pfingst op-A 1st"]
[Site "Munich"]
[Date "2023.06.01"]
[Round "2"]
[White "Gramb, Marius"]
[Black "Gedajlovic, Max"]
[Result "1/2-1/2"]
[WhiteElo "2225"]
[BlackElo "2436"]
[PlyCount "84"]
[EventDate "2023.05.31"]
[EventType "swiss"]
[EventRounds "9"]
[EventCountry "GER"]
[SourceTitle "CBM 214 Extra"]
[Source "ChessBase"]
[SourceDate "2023.07.31"]
[SourceVersion "1"]
[SourceVersionDate "2023.07.31"]
[SourceQuality "1"]

1. e4 e5 2. Nf3 Nc6 3. Bb5 a6 4. Ba4 Nge7 5. d4 exd4 6. Nxd4 Nxd4 7. Qxd4 Nc6 8. Bxc6 dxc6 9. Qxd8+ Kxd8 10. Be3 Bd6 11. Nd2 Be6 12. Nf3 f6 13. 0-0 Re8 14. Rfe1 c5 15. Rad1 Kc8 16. b3 b6 17. c4 Kb7 18. h3 Bf7 19. Bc1 Bg6 20. e5 fxe5 21. Bb2 Bc2 22. Rc1 e4 23. Rxc2 exf3 24. Rxe8 Rxe8 25. gxf3 Re1+ 26. Kg2 g6 27. Bc3 Re7 28. Bd2 Kc6 29. Be3 Re8 30. Rd2 Rb8 31. a4 b5 32. axb5+ axb5 33. Ra2 bxc4 34. bxc4 Rb4 35. Rc2 Rb3 36. f4 Kb6 37. Kf3 Kc6 38. Ke4 Rb8 39. Rc1 Re8+ 40. Kf3 Rf8 41. Rg1 Be7 42. Ke4 Bd6 1/2-1/2

[Event "EU-ch 23rd"]
[Site "Vrnjacka Banja"]
[Date "2023.03.12"]
[Round "10"]
[White "Gramb, Marius"]
[Black "Arsenie, Cristian Marc"]
[Result "1-0"]
[WhiteElo "2159"]
[BlackElo "1971"]
[PlyCount "69"]
[EventDate "2023.03.03"]
[EventType "swiss"]
[EventRounds "11"]
[EventCountry "SRB"]
[SourceTitle "CBM 213"]
[Source "ChessBase"]
[SourceDate "2023.04.30"]
[SourceVersion "1"]
[SourceVersionDate "2023.04.30"]
[SourceQuality "1"]

1. e4 c5 2. c3 Nf6 3. e5 Nd5 4. Nf3 Nc6 5. Bc4 Nb6 6. Bb3 d5 7. exd6 Qxd6 8. 0-0 c4 9. Bc2 Bg4 10. Re1 Ne5 11. Rxe5 Bxf3 12. Qe1 Bc6 13. b3 g6 14. Na3 Bg7 15. Re2 cxb3 16. axb3 0-0 17. Nc4 Nxc4 18. bxc4 e5 19. Ba3 Qe6 20. Bxf8 Kxf8 21. f4 Qxc4 22. fxe5 Re8 23. d4 f6 24. e6 Bd5 25. e7+ Kf7 26. Rxa7 f5 27. Ra3 Bf6 28. Bb3 Qc6 29. Qb1 Kg7 30. Bxd5 Qxd5 31. Rb3 f4 32. Rxb7 f3 33. Rf2 fxg2 34. Rxg2 Qf3 35. Rc7 1-0

[Event "EU-ch 23rd"]
[Site "Vrnjacka Banja"]
[Date "2023.03.05"]
[Round "3"]
[White "Bashirli, Nail Qoshqar"]
[Black "Gramb, Marius"]
[Result "1-0"]
[WhiteElo "2343"]
[BlackElo "2159"]
[PlyCount "151"]
[EventDate "2023.03.03"]
[EventType "swiss"]
[EventRounds "11"]
[EventCountry "SRB"]
[SourceTitle "CBM 213"]
[Source "ChessBase"]
[SourceDate "2023.04.30"]
[SourceVersion "1"]
[SourceVersionDate "2023.04.30"]
[SourceQuality "1"]

1. e4 c6 2. Nc3 d5 3. d4 dxe4 4. Nxe4 Bf5 5. Ng3 Bg6 6. h4 h6 7. Nf3 Nd7 8. h5 Bh7 9. Bd3 Bxd3 10. Qxd3 e6 11. Bd2 Ngf6 12. 0-0-0 Be7 13. Kb1 0-0 14. Ne4 c5 15. Nxf6+ Bxf6 16. Be3 Qc7 17. d5 exd5 18. Qxd5 Rfd8 19. c3 Rac8 20. Qf5 Qc6 21. Rd5 Qe6 22. Qxe6 fxe6 23. Rd2 Kf7 24. Rhd1 Ke8 25. Kc2 b6 26. Bf4 c4 27. Re2 Nc5 28. Rxd8+ Rxd8 29. Nd2 b5 30. Be3 Nd3 31. Ne4 Be7 32. b3 cxb3+ 33. axb3 a6 34. g3 Ne5 35. Bd4 Ng4 36. Bxg7 Kf7 37. Bd4 b4 38. f3 bxc3 39. Bb6 Rb8 40. Ba7 Rb7 41. Bd4 Rd7 42. Bxc3 Nf6 43. Bxf6 Bxf6 44. Rd2 Rc7+ 45. Kd3 Be7 46. Ra2 Rb7 47. Rxa6 Rxb3+ 48. Ke2 Rb5 49. g4 Rb3 50. Ra7 Kf8 51. Rc7 Ra3 52. Rc3 Ra4 53. Rc2 Kf7 54. Nf2 Bg5 55. Ne4 Be7 56. Kf2 Bh4+ 57. Kg2 Be7 58. Re2 Ra3 59. f4 Rb3 60. Nd2 Rc3 61. Nf3 Rb3 62. Nd4 Rb6 63. Nf3 Rb3 64. Rd2 Rb4 65. Ne5+ Kf6 66. Kf3 Rb3+ 67. Rd3 Rb1 68. Ke4 Re1+ 69. Re3 Rd1 70. Nf3 Bc5 71. g5+ hxg5 72. fxg5+ Ke7 73. Rb3 Rd7 74. h6 Bd6 75. h7 Rd8 76. Rb7+ 1-0

[Event "Prague Summer op-A 8th"]
[Site "Prague"]
[Date "2021.08.08"]
[Round "3"]
[White "Jurcik, Marian"]
[Black "Gramb, Marius"]
[Result "1-0"]
[WhiteElo "2419"]
[BlackElo "2150"]
[PlyCount "81"]
[EventDate "2021.08.06"]
[EventType "swiss"]
[EventRounds "9"]
[EventCountry "CZE"]
[SourceTitle "CBM 203 Extra"]
[Source "ChessBase"]
[SourceDate "2021.09.30"]
[SourceVersion "1"]
[SourceVersionDate "2021.09.30"]
[SourceQuality "1"]

1. e4 c6 2. d4 d5 3. e5 Bf5 4. h4 Qc7 5. Nc3 h5 6. Bd3 Bxd3 7. cxd3 e6 8. Nf3 Nd7 9. 0-0 a6 10. Bg5 Nh6 11. Qd2 Rc8 12. Rac1 Qb8 13. Ne2 Nf5 14. Ng3 g6 15. b4 Bg7 16. Nxf5 gxf5 17. a4 b6 18. Rc3 Bf8 19. Qc2 Qb7 20. Rc1 Nb8 21. b5 c5 22. Bf6 Rg8 23. Ng5 Nd7 24. Qe2 Rg6 25. dxc5 bxc5 26. d4 c4 27. Nxe6 Nxf6 28. exf6 fxe6 29. Qxe6+ Kd8 30. Re3 Qd7 31. Qxa6 f4 32. Re7 Rxg2+ 33. Kxg2 Bxe7 34. fxe7+ Qxe7 35. Qg6 Qe4+ 36. Qxe4 dxe4 37. a5 Rc7 38. a6 Kc8 39. d5 Kb8 40. d6 Rc5 41. d7 1-0

[Event "Innsbruck op 4th"]
[Site "Innsbruck"]
[Date "2020.08.28"]
[Round "8"]
[White "Gramb, Marius"]
[Black "Redzisz, Michal"]
[Result "1/2-1/2"]
[WhiteElo "2154"]
[BlackElo "2058"]
[PlyCount "55"]
[EventDate "2020.08.22"]
[EventType "swiss"]
[EventRounds "9"]
[EventCountry "AUT"]
[SourceTitle "CBM 198 Extra"]
[Source "ChessBase"]
[SourceDate "2020.11.30"]
[SourceVersion "1"]
[SourceVersionDate "2020.11.30"]
[SourceQuality "1"]

1. Nf3 c5 2. c4 Nc6 3. d4 cxd4 4. Nxd4 g6 5. e4 Bg7 6. Be3 Nf6 7. Nc3 d6 8. Be2 0-0 9. 0-0 Bd7 10. Qd2 Nxd4 11. Bxd4 Bc6 12. f3 Nd7 13. Be3 a5 14. Rac1 Nc5 15. Rfd1 Qb6 16. b3 Rfc8 17. Nd5 Bxd5 18. exd5 Qb4 19. Rc2 Ra6 20. Kh1 Qxd2 21. Bxd2 Rca8 22. Re1 Bf6 23. Bf1 Kg7 24. g3 Rb6 25. Kg2 e6 26. dxe6 fxe6 27. Be2 Bd4 28. f4 1/2-1/2

[Event "Innsbruck op 4th"]
[Site "Innsbruck"]
[Date "2020.08.25"]
[Round "5"]
[White "Meier, Volker"]
[Black "Gramb, Marius"]
[Result "1/2-1/2"]
[WhiteElo "2272"]
[BlackElo "2154"]
[PlyCount "41"]
[EventDate "2020.08.22"]
[EventType "swiss"]
[EventRounds "9"]
[EventCountry "AUT"]
[SourceTitle "CBM 198 Extra"]
[Source "ChessBase"]
[SourceDate "2020.11.30"]
[SourceVersion "1"]
[SourceVersionDate "2020.11.30"]
[SourceQuality "1"]

1. d4 Nf6 2. c4 e6 3. Nc3 d5 4. Bg5 Be7 5. e3 0-0 6. Nf3 Nbd7 7. Rc1 h6 8. Bh4 Re8 9. Bd3 dxc4 10. Bxc4 c5 11. 0-0 a6 12. a4 cxd4 13. exd4 Nb6 14. Bb3 Bd7 15. Ne5 Rc8 16. Bxf6 Bxf6 17. Qh5 Bxe5 18. dxe5 Qg5 19. Qxg5 hxg5 20. a5 Nc4 21. Bxc4 1/2-1/2

[Event "Heusenstamm Sparkassen op-A 6th"]
[Site "Heusenstamm"]
[Date "2019.11.22"]
[Round "3"]
[White "Nothnagel, Marian Can"]
[Black "Gramb, Marius"]
[Result "1/2-1/2"]
[WhiteElo "2364"]
[BlackElo "2120"]
[PlyCount "89"]
[EventDate "2019.11.21"]
[EventType "swiss"]
[EventRounds "7"]
[EventCountry "GER"]
[SourceTitle "CBM 194 Extra"]
[Source "ChessBase"]
[SourceDate "2020.03.31"]
[SourceVersion "1"]
[SourceVersionDate "2020.03.31"]
[SourceQuality "1"]

1. e4 c6 2. d4 d5 3. Nd2 dxe4 4. Nxe4 Nd7 5. Ng5 Ngf6 6. Bd3 e6 7. N1f3 Bd6 8. Qe2 h6 9. Ne4 Nxe4 10. Qxe4 Nf6 11. Qe2 b6 12. Ne5 Bb7 13. Bd2 Qc7 14. f4 0-0-0 15. 0-0 Kb8 16. a4 c5 17. a5 cxd4 18. axb6 axb6 19. Ra4 Nd5 20. Rfa1 g5 21. Ra7 Bxe5 22. fxe5 Qc5 23. b4 Qc8 24. Qe4 Nc7 25. Qe2 Nd5 26. Qf2 Nf4 27. Bxf4 gxf4 28. Qxf4 Rd7 29. Be4 Bxe4 30. Rxd7 Qxd7 31. Qxe4 Qd5 32. Qxd5 exd5 33. Rd1 Re8 34. Rxd4 Rxe5 35. Kf2 Kc7 36. Rf4 f5 37. c3 Kd6 38. Rh4 Re6 39. Rh5 Rf6 40. Ke3 Ke6 41. Kd4 Rg6 42. h3 Rf6 43. Ke3 Rg6 44. Kf4 Rf6 45. Ke3 1/2-1/2

[Event "Heusenstamm Sparkassen op-A 6th"]
[Site "Heusenstamm"]
[Date "2019.11.21"]
[Round "1"]
[White "Feicht, Arno"]
[Black "Gramb, Marius"]
[Result "1/2-1/2"]
[WhiteElo "1851"]
[BlackElo "2120"]
[PlyCount "96"]
[EventDate "2019.11.21"]
[EventType "swiss"]
[EventRounds "7"]
[EventCountry "GER"]
[SourceTitle "CBM 194 Extra"]
[Source "ChessBase"]
[SourceDate "2020.03.31"]
[SourceVersion "1"]
[SourceVersionDate "2020.03.31"]
[SourceQuality "1"]

1. e4 c6 2. d4 d5 3. e5 c5 4. c4 cxd4 5. Nf3 Nc6 6. Nxd4 dxc4 7. Nxc6 Qxd1+ 8. Kxd1 bxc6 9. Bxc4 Bf5 10. Be3 e6 11. Nd2 Bb4 12. Rc1 Rd8 13. Ke2 Ba5 14. Ba6 Ne7 15. Rhd1 Bxd2 16. Rxd2 Rxd2+ 17. Bxd2 Be4 18. Bb4 Bxg2 19. f3 Kd7 20. Bxe7 Kxe7 21. Rxc6 Rd8 22. Rc7+ Rd7 23. Rxd7+ Kxd7 24. Bd3 Bh3 25. Kf2 h6 26. Kg3 Bf5 27. Bxf5 exf5 28. h4 Ke6 29. Kf4 a5 30. b3 g6 31. a3 Kd5 32. b4 axb4 33. axb4 Kc4 34. h5 gxh5 35. Kxf5 Kxb4 36. f4 Kc5 37. e6 fxe6+ 38. Kxe6 h4 39. f5 h3 40. f6 h2 41. f7 h1Q 42. f8Q+ Kd4 43. Qb4+ Ke3 44. Qc3+ Kf2 45. Qd4+ Kg3 46. Qg7+ Kf2 47. Qd4+ Kg3 48. Qg7+ Kf2 1/2-1/2

[Event "Wiesbaden op 31st"]
[Site "Wiesbaden"]
[Date "2019.08.23"]
[Round "3"]
[White "Gramb, Marius"]
[Black "Keller, Peter1111"]
[Result "1/2-1/2"]
[WhiteElo "2130"]
[BlackElo "2342"]
[PlyCount "67"]
[EventDate "2019.08.22"]
[EventType "swiss"]
[EventRounds "7"]
[EventCountry "GER"]
[SourceTitle "EXT 2020"]
[Source "ChessBase"]
[SourceDate "2019.10.17"]
[SourceVersion "1"]
[SourceVersionDate "2019.10.17"]
[SourceQuality "1"]

1. d4 Nf6 2. c4 e6 3. g3 d5 4. Nf3 Be7 5. Bg2 0-0 6. 0-0 dxc4 7. Qc2 a6 8. a4 Bd7 9. Qxc4 Bc6 10. Bf4 Bd6 11. Qc1 a5 12. Nc3 Na6 13. Rd1 Nb4 14. Bg5 Be7 15. Ne5 Bxg2 16. Kxg2 h6 17. Bxf6 Bxf6 18. Nf3 c6 19. Ne4 Be7 20. Nc5 b6 21. Nd3 Qd5 22. Qc3 Rfd8 23. b3 Rac8 24. Nxb4 Bxb4 25. Qc2 f5 26. Rd3 Be7 27. Rad1 Bf6 28. Qc4 b5 29. Qc2 b4 30. Kg1 Qd6 31. Qc4 Qd5 32. Qc2 Qd6 33. Qc4 Qd5 34. Qc2 1/2-1/2